Catalog

Record Details

Catalog Search



Jak pracovat s překladem Nového zákona "Slovo na cestu" : [informační a metodická pomůcka pro vyučující] Cover Image Book Book

Jak pracovat s překladem Nového zákona "Slovo na cestu" : [informační a metodická pomůcka pro vyučující]

Record details

  • ISBN: 80-7130-055-1
  • Physical Description: 68 s. : mapky ; 21 cm
  • Publisher: Praha : Luxpress, c1996

Content descriptions

General Note:
Vydavatel: Mezinárodní biblická společnost v České republice
Terminologický slovníček
Bibliography, etc. Note:
Obsahuje bibliografii
Subject: Bible. Nový zákon
biblické studium
biblická exegeze
Genre: metodické příručky

Available copies

  • 1 of 1 copy available at Common Catalog SPOK.

Holds

  • 0 current holds with 1 total copy.
Show Only Available Copies
Location Call Number / Copy Notes Barcode Shelving Location Status Due Date
KDS Library 2 Mez 204576803382 Library Available -

LDR 01253nam a2200361 a 4500
00122724
003CZ-PrJAB
00520150724151919.0
007tu
008980519s1996 xr b e 000 0 cze
015 . ‡acnb000318733
020 . ‡a80-7130-055-1 ‡q(Luxpress : ‡qbrož.)
035 . ‡a(CZ PrNK)cpk19980318733
035 . ‡a(OCoLC)40082655
040 . ‡aABA001 ‡bcze
072 7. ‡a2-23/-27 ‡xBible. Biblistika ‡2Konspekt ‡95
080 . ‡a371.3 ‡2undef
080 . ‡a22 ‡2undef
24500. ‡aJak pracovat s překladem Nového zákona "Slovo na cestu" : ‡b[informační a metodická pomůcka pro vyučující]
260 . ‡aPraha : ‡bLuxpress, ‡cc1996
300 . ‡a68 s. : ‡bmapky ; ‡c21 cm
500 . ‡aVydavatel: Mezinárodní biblická společnost v České republice
500 . ‡aTerminologický slovníček
504 . ‡aObsahuje bibliografii
63007. ‡aBible. ‡pNový zákon ‡7unn2006374670 ‡2czenas
65007. ‡abiblické studium ‡7ph118859 ‡2czenas
65007. ‡abiblická exegeze ‡7ph118844 ‡2czenas
655 7. ‡ametodické příručky ‡7fd132826 ‡2czenas
7102 . ‡aMezinárodní biblická společnost v České republice ‡7ko2003181179
7870 . ‡tBible. N.Z.
7870 . ‡tSlovo na cestu
910 . ‡aABE463
998 . ‡a000318733
901 . ‡a22724 ‡b ‡c22724 ‡tbiblio

Additional Resources